Polacy w Lidze Mistrzów w sezonie 2010/2011 - Statystyki

Ogólne statystyki
  • Ten quiz został rozwiązany 124 razy
  • Średni wynik to 6 z 8
Statystyki odpowiedzi
klub piłkarz % Poprawnych
Real Madryt Jerzy Dudek
98%
Arsenal Wojciech Szczęsny
95%
Arsenal Łukasz Fabiański
91%
Manchester United Tomasz Kuszczak
90%
Auxerre Ireneusz Jeleń
76%
Auxerre Dariusz Dudka
40%
Rubin Kazan Rafał Murawski
38%
Werder Brema Sebastian Boenisch
34%
Nie znaleziono quizów pasujących do podanych kryteriów
Rozkład punktacji
Procent ludzi z każdym wynikiem
Percentyl według liczby udzielonych odpowiedzi
Twoja historia wyników
Nie rozwiązałeś tego quizu